| 000 | 00759nam a22002417a 4500 | ||
|---|---|---|---|
| 001 | 00260 | ||
| 003 | DO-SdBNP | ||
| 005 | 20180315101657.0 | ||
| 008 | 151127b 1988 sp xxu||||| |||| 00| 0 spa d | ||
| 020 | _a84-207-3057-2 | ||
| 040 |
_aBPMSU _bspa _cBPMSU |
||
| 092 |
_2xxxxx _axxxxx |
||
| 100 | 1 |
_aLazáro, Fernando, _d1923-2004. |
|
| 245 | 1 | 0 |
_aAntología : _blecturas complementarias para el bachillerato / _cFernando Lázaro, Vicente Tusón. |
| 260 |
_aMadrid : _bAnaya, _c1988. |
||
| 300 |
_a339 p. ; _c24 cm. |
||
| 500 | _aIncluye referencia bibliográficas y notas al pie de las páginas. | ||
| 700 | 1 | 2 |
_aTusón, Vicente, _d 1934-1999 |
| 910 | _a00260 | ||
| 942 |
_2ddc _cBK |
||
| 945 | _ainventariado,2018 / dg | ||
| 956 |
_aLorenza Pérez _b10 |
||
| 999 |
_c8946 _d8946 |
||